000 00310nam a2200133 i 4500
001 bg
100 1 _aLESZ, Mieczysław
245 0 _aEkonomiczne gry decyzyjne /
_cMieczysław Lesz.
260 _aWarszawa,
_c1979.
040 _cBPK
041 _apol
942 _cKS
008 s pl f |000 0 pol
999 _c1369
_d1369
856 _uhttp://koha.tu.koszalin.pl/cgi-bin/koha/opac-detail.pl?biblionumber=1369
_yKatalog online BPK